00752nab a2200205uuc4500001000800000005001700008008004100025035001200066035002100078040001300099041000800112100004100120245011200161650002600273650003200299650002800331700003600359700004400395773010700439114433820240911091022.0090520e20081231 spa  a1144338 a(OCoLC)820473935 ccomduadb aspa10aRodriguez, Angelica Melita4auteaut10aBurnout en profesionales de enfermería que trabajan en centros asistenciales de la octava región, Chile aSíndrome de Burnout aProfesionales de enfermeria 7aEstrés laboral2embne10aCruz Pedreros, Monica4auteaut10aMerino Escobar, José Manuel4auteaut0 tCiencia y Enfermería (Concepción)gVol. 14, No. 02, Dic. 2008, p. 75-85w375331x0717-20790111071